Responses for Show #2586 - Monday, November 27, 1995

Contestants

[<< previous game]

John Lively, a business analyst from Hicksville, New York

Alexandra Grochol, a homemaker originally from Buffalo, New York

Tim Adams, a Navy pilot originally from Mankato, Minnesota (whose 2-day cash winnings total $21,600)

[next game >>]

Jeopardy! Round responses

ISLANDS
BASEBALL HALL OF FAMERS
HEALTH & MEDICINE
THE 1790s
FOOD
POP MUSIC
    $100 6
New Zealand

Alexandra
    $100 1
Jackie Robinson

Tim
    $100 10
Rabies

Alexandra
    $100 16
the 11th

Tim
    $100 21
Butter

Tim
    $100 26
John Denver

Alexandra
    $200 7
Capri

Alexandra
    $200 2
Stan Musial

Tim
    $200 11
migraines

Alexandra
    $200 17
China

Tim
    $200 22
a clam

Alexandra
    $200 27
Sonny & Cher

Tim
    $300 8
the Galapagos

Alexandra
    $300 3
The spitball

Tim
    $300 12
mumps

John
    $300 18
the Marquis de Lafayette

Tim
    $300 23
a duck

Alexandra
    $300 28
"California Dreamin'"

Tim
    $400 9
Denmark

John
    $400 4
(Alexandra: Who was Joe DiMaggio?)

Ted Williams

TimAlexandra
    $400 13
(Tim: What is salmonella?)

botulism

Tim
Triple Stumper
    $400 19
Casanova

Tim
    $400 24
(John: What is caramel?)
...
(Alex: The thickening agent, you use it quite often, I'm sure. [*].)

cornstarch

John
Triple Stumper
    $400 29
Barry Manilow

Tim
    $500 15
Crete

John
    $500 5
(John: Who is Hank Greenberg?)

Al Kaline

John
Triple Stumper
    $500 14
(Tim: What is sclerosis?)

Arteriosclerosis

Tim
    $500 20
the Black Sea

Alexandra
    $500 25
parmesan

Alexandra
    $500 30
Johnny Mathis

Alexandra

Scores at the first commercial break (after clue 15):

Tim Alexandra John
$1,100 $500 $700

Scores at the end of the Jeopardy! Round:

Tim Alexandra John
$3,100 $2,600 $300

Double Jeopardy! Round responses

U.S. PRESIDENTS
SCULPTURE
MOVIE COSTUMES
PLANTS & TREES
POETRY
POTPOURRI
    $200 2
John Adams

Tim
    $200 21
Harrisburg

John
    $200 16
Gone with the Wind

John
    $200 26
moss

John
    $200 11
Elizabeth Barrett Browning

Alexandra
    $200 1
Chicago

Tim
    $400 3
George Bush

Tim
    $400 22
(Auguste) Rodin

John
    $400 17
Saturday Night Fever

Alexandra
    $400 27
a juniper

Alexandra
    $400 12
the Brooklyn Bridge

John
    $400 7
(Tim: What are stamps?)

coins

TimJohn
    $600 4
Franklin Pierce

Tim
    $600 23
the Tuileries

Alexandra
    $600 18
Cat on a Hot Tin Roof

Tim
    $600 28
the buckeye

Triple Stumper
    $600 13
Lawrence Ferlinghetti

Triple Stumper
    $600 8
Ireland

John
    $800 5
Truman

Alexandra
    $800 24
Remington

John
    $800 19
Marlene Dietrich

Alexandra
    $800 29
(Alexandra: What are mushrooms?)

nightshade

Alexandra
    $800 14
Auden

Alexandra
    $800 9
Ochs

Alexandra
    $1,200 6
(Alexandra: Who was...)
(Alex: Hurry.)
(Alexandra: Polk.)

John Quincy Adams

Alexandra
    $1000 25
(Tim: What is Rome?)

Florence

TimAlexandra
    $1000 20
Audrey Hepburn

John
    $1000 30
(Alex: I have two of them in my yard, and I refer to them as the Stinko [*]s. They have very smelly pods.)

ginkgo

Triple Stumper
    $1000 15
(Rudyard) Kipling

Alexandra
    $1000 10
(Alexandra: What is Virginia?)

Massachusetts

TimAlexandra

Scores at the end of the Double Jeopardy! Round:

Tim Alexandra John
$4,700 $6,400 $4,500

[wagering suggestions for these scores]

Final Jeopardy! Round responses

PEOPLE
JohnWho is Bill Gates?
$4,400
TimWho is the Sultan of Brunei
$4,600
AlexandraWho is the Sultan of Brunei?
$3,001
Bill Gates

Final scores:

Tim Alexandra John
$100 $3,399 $8,900
3rd place: Aiwa stereo system 2nd place: Bassett dining room set + Cuthbertson dinnerware set New champion: $8,900

Game dynamics:

Coryat scores:

Tim Alexandra John
$4,700 $8,400 $4,500
19 R,
3 W
21 R
(including 1 DD),
4 W
(including 2 DDs)
12 R,
2 W

Combined Coryat: $17,600

[game clues] [game scores] [suggest correction]

Game tape date: Unknown
The J! Archive is created by fans, for fans. Scraping, republication, monetization, and malicious use prohibited; this site may use cookies and collect identifying information. See terms. The Jeopardy! game show and all elements thereof, including but not limited to copyright and trademark thereto, are the property of Jeopardy Productions, Inc. and are protected under law. This website is not affiliated with, sponsored by, or operated by Jeopardy Productions, Inc. Join the discussion at JBoard.tv.